Quizzes
Events
Quiz Creation
Community
Videos
Private Events
Remove Ads
Sign In
Join for FREE
Feedback
Dark Mode
Quiz Categories
Sports
Geography
Music
Movies
Television
Just For Fun
Miscellaneous
History
Literature
Language
Science
Gaming
Entertainment
Religion
Holiday
For Kids
Quiz Lab
Recent
Popular Today
Quiz Kudos Today
Editor Picks
Curator Picks
Quizzes by...
Day
Popularity
Type
Ratings
Length
Year
Community
Subscriptions
Recent Discussions
Orange Saloon
Badges
Playlists
Quests
Create
Leaderboards
Showdown
Live 5
Trivia Bingo
Activity
Puzzle Library
Sporcle Events
Private Events
Virtual Trivia
Globe League
Become a Host
Pub Owners
SporcleCon
Opinionation
Our Games
Videos
Blog
Mobile Apps
Partnerships
Remove Ads and Go Orange
Feedback
Music
Pop Music
The Beatles
Song
Album
Lyrics
Bands
Singers
Artist
Clip
Rock
Rap
Classical
Billboard
Country Music
Kpop
Taylor Swift
Music
Pop Music
The Beatles
Song
Album
Lyrics
Bands
Singers
Artist
Clip
Rock
Rap
Classical
Billboard
Country Music
Kpop
Taylor Swift
Random Quiz
Search Sporcle
×
Quiz Lab
Quiz Lab
Music
Rock
Type in answers that appear in a list
Type in answers that appear in a list
Classic
Best Score? Go Orange.
Catfish and the Bottlemen Lyrics - 26 Stats
Can you name the Catfish and the Bottlemen Lyrics - 26?
By
MaryJane12
6m
236 Questions
279 Plays
279 Plays
279 Plays
Comments
Comments
Give Quiz Kudos
Give Quiz Kudos
-
- Ratings
hide this ad
Replay
Link that replays current quiz
Next Quiz
Link to next quiz in quiz playlist
You Got
0%
They Got
Avg Score
75%
Avg Friend Score
Upgrade to see
Score Distribution
Jump to the score distribution portion of the page
Score
0/236
Timer
06:00
0
Plays Today
26
% Correct
I
98.9%
I
98.9%
I
98.9%
I
98.9%
I
98.9%
I
98.9%
I
98.9%
I
98.9%
I
98.9%
I
98.9%
I
98.9%
I
98.9%
be
97.1%
a
95.3%
a
95.3%
a
95.3%
a
95.3%
a
95.3%
a
95.3%
a
95.3%
a
95.3%
a
95.3%
a
95.3%
26
94.3%
26
94.3%
can't
93.5%
can't
93.5%
believe
92.8%
You
92.8%
you
92.8%
believe
92.8%
You
92.8%
You
92.8%
you
92.8%
you
92.8%
You
92.8%
You
92.8%
on
92.5%
on
92.5%
on
92.5%
on
92.5%
on
92.5%
on
92.5%
on
92.5%
on
92.5%
on
92.5%
on
92.5%
you're
90.7%
you're
90.7%
the
90%
the
90%
the
90%
come
86.4%
me
86.4%
me
86.4%
come
86.4%
me
86.4%
me
86.4%
me
86.4%
there
85.7%
there
85.7%
there
85.7%
based
85.3%
like
85.3%
she'll
85.3%
She'll
85.3%
With
85.3%
with
85.3%
based
85.3%
like
85.3%
She'll
85.3%
With
85.3%
with
85.3%
with
85.3%
with
85.3%
of
84.6%
of
84.6%
facts
83.9%
facts
83.9%
26
% Correct
I'll
83.5%
To
83.5%
my
83.5%
my
83.5%
I'll
83.5%
to
83.5%
my
83.5%
my
83.5%
To
83.5%
to
83.5%
my
83.5%
Making
81.7%
so
81.7%
so
81.7%
Making
81.7%
so
81.7%
so
81.7%
Making
81.7%
so
81.7%
so
81.7%
Making
81.7%
so
81.7%
Making
81.7%
fix
80.6%
fix
80.6%
control
78.9%
got
78.5%
got
78.5%
got
78.5%
self
78.1%
mind
77.8%
that
77.8%
that
77.8%
mind
77.8%
that
77.8%
that
77.8%
mind
77.8%
that
77.8%
that
77.8%
that
77.8%
up
76%
up
76%
up
76%
up
76%
is
75.6%
is
75.6%
is
75.6%
get
75.3%
get
75.3%
get
75.3%
get
75.3%
stand
72.8%
stand
72.8%
before
72.4%
off
72.4%
before
72.4%
off
72.4%
before
72.4%
off
72.4%
coat
71.7%
coat
71.7%
coat
71.7%
You've
71.3%
bent
71.3%
bent
71.3%
You've
71.3%
bent
71.3%
bent
71.3%
You've
71.3%
bent
71.3%
bent
71.3%
bent
71.3%
habit
70.3%
habit
70.3%
hell
69.9%
fixing
69.9%
hell
69.9%
hell
69.9%
Fixing
69.9%
26
% Correct
hell
69.9%
hell
69.9%
fixing
69.9%
hell
69.9%
hell
69.9%
rioters
69.2%
rioters
69.2%
we
68.5%
we
68.5%
we
68.5%
we
68.5%
mess
67.7%
mess
67.7%
mess
67.7%
mess
67.7%
suggest
65.2%
suggest
65.2%
suggest
65.2%
suggest
65.2%
those
64.9%
those
64.9%
those
64.9%
those
64.9%
are
63.8%
are
63.8%
are
63.8%
are
63.8%
leave
63.4%
something
62.4%
something
62.4%
something
62.4%
something
62.4%
at
62%
At
62%
hands
61.6%
hands
61.6%
hands
61.6%
hands
61.6%
always
61.3%
screaming
60.2%
bricks
58.1%
bricks
58.1%
know
58.1%
tearing
57.7%
But
57%
we're
56.6%
love
55.9%
seams
54.5%
selling
53.8%
selling
53.8%
still
53.4%
I'd
50.9%
I'd
50.9%
have
50.5%
Have
50.5%
have
50.5%
now
49.1%
been
49.1%
been
49.1%
fuelling
48.7%
fuelling
48.7%
pace
47.3%
would
47%
top
46.6%
babe
46.2%
such
45.9%
good
44.8%
see
43.7%
rethink
43.4%
rethink
43.4%
not
43.4%
rethink
43.4%
rethink
43.4%
less
40.9%
tempted
40.1%
what
32.6%
known
30.5%
Then
29.4%
Quiz Playlist
Details
Report
Send in Message
Add To Playlist
Classic:
Type in answers that appear in a list
Last Updated: Feb 16, 2017
Quiz Scoreboard
CHALLENGE
Sign Up to Join the Scoreboard
Show All
Scores
Hide
Comments
May contain spoilers
Recently Published
Popular People in 1961
by mucciniale
History
6m
1-10 Letter E Words III
by El_Dandy
Language
2m
One Thing in Common: World Cities II
by knightlancer
Geography
7m
More to Explore
Quiz From the Vault
Featured Blog Post
Where Did the Easter Bunny Come From?
hide this ad
You Might Also Like...
Tags
Rock Quiz
indie
Today's Top Quizzes in Music
Browse Music
hide this ad
Today's Top Quizzes in Rock
Browse Rock
Top Contributed Quizzes in Music
1
Taylor Swift All Songs (2024)
2
2010s Album by Cover III
3
Taylor Swift Logic Puzzle
4
One Thing in Common: Music
5
Guess the Artist- 70s Songs
6
Guess the Taylor Swift song (Mystery Song)
7
2010s Album by Cover V
8
2010s Album by Cover IV
9
Lana Del Rey Discography (BTD to DYKTTATUOB)
10
KPOP LOGIC QUIZ
Explore More
Trending Topics
NBA
Kpop
Anime
Harry Potter
Marvel
Disney
Crossword
Puzzle
Country
The Office
Song
Soccer
NFL
WWE
Pokémon
hide this ad
More By:
MaryJane12
Quiz
Plays
Rating
Category
Featured
Created
Catfish and the Bottlemen Lyrics - Cocoon
2,283
4.50
Music
Jan 24, 2016
Catfish and the Bottlemen Lyrics - Kathleen
1,339
4.67
Music
Jan 21, 2016
Catfish and the Bottlemen Lyrics - Soundcheck
1,044
4.50
Music
Feb 20, 2016
Catfish and the Bottlemen Lyrics - 7
833
5.00
Music
Jul 2, 2016
Catfish and the Bottlemen - All Songs
792
4.00
Music
Jul 2, 2016
Go to Creator's Profile
Score Distribution
Quiz Creator Spotlight
MaryJane12
Follow
Send a Message
Quizzes Created
-
Created Quiz Play Count
-
More By This Creator
Popular Quizzes Today
1
Find the US States - No Outlines Minefield
2
The Countries of the World
3
Find the Countries of Europe - No Outlines Minefield
4
Popular People in 1961
5
1-10 Letter E Words III
6
Find the US States
7
One Thing in Common: World Cities II
8
US States
More Music Quizzes
'80s Song Title Match-Up
Published
Trending Quizzes
Risky Map Clicking: Least Populous States A-Z
1-10 Letter F Words
1-10 Letter G Words
One Thing in Common: United Kingdom
Risky Map Clicking: Next State Alphabetically
Recently Updated
Leaping Animals
pecheneg
Reality TV Shows (A-Z)
bhenderson79
Rickey Henderson's Hall of Fame Teammates
pecheneg
Champions League XIs: Arsenal
pecheneg
Quick Pick: Celebrities in WWE's Hall of Fame
aduchscher
A-Z Keypad Blitz II
pecheneg
Multiple Oscar Actors
pecheneg
Mystery Phrase Blitz: Oscar 'Best Actors'
pecheneg
F. Scott Fitzgerald Novels
LTH
Pick 3 Villains
ddd62291
Trending Topics
Crossword
Kpop
NBA
Disney
Marvel
Harry Potter
Anime
Pokémon
NFL
Song
Soccer
Country
WWE
The Office
Puzzle
Your Account Isn't Verified!
In order to create a playlist on Sporcle, you need to verify the email address you used during registration. Go to your
Sporcle Settings
to finish the process.
Report this User
Report this user for behavior that violates our
Community Guidelines
.
Details:
Send Report
Go to the Sporcle.com Mobile Site →
Comments